Normal view MARC view
  • Surveyors' Institution, Scottish Branch

Entry Corporate Name

Number of records used in: 1

001 - CONTROL NUMBER

  • control field: 4208

003 - CONTROL NUMBER IDENTIFIER

  • control field: OSt

005 - DATE AND TIME OF LATEST TRANSACTION

  • control field: 20190806150231.0

008 - FIXED-LENGTH DATA ELEMENTS

  • fixed length control field: 000000 a

040 ## - CATALOGING SOURCE

  • Original cataloging agency: OSt
  • Transcribing agency: OSt

110 ## - HEADING--CORPORATE NAME

  • Corporate name or jurisdiction name as entry element: Surveyors' Institution, Scottish Branch